The lazy environmentalist on a budget (Record no. 4856)

MARC details
000 -CABECERA
campo de control de longitud fija 01637cam a2200277 a 4500
001 - NÚMERO DE CONTROL
campo de control 4120361
005 - FECHA Y HORA DE LA ÚLTIMA TRANSACCIÓN
campo de control 20250923094130.0
008 - DATOS DE LONGITUD FIJA--INFORMACIÓN GENERAL
campo de control de longitud fija 081024s2009 nyu 000 0 eng
010 ## - NÚMERO DE CONTROL DE LA BIBLIOTECA DEL CONGRESO
Número de control de LC 2008044895
020 ## - NÚMERO INTERNACIONAL ESTÁNDAR DEL LIBRO
Número Internacional Estándar del Libro 9781584797517 (pbk.)
020 ## - NÚMERO INTERNACIONAL ESTÁNDAR DEL LIBRO
Número Internacional Estándar del Libro 9781584797746
035 ## - NÚMERO DE CONTROL DEL SISTEMA
Número de control de sistema (CaONFJC)8848840
035 ## - NÚMERO DE CONTROL DEL SISTEMA
Número de control de sistema (CaBVaU)4120361
040 ## - FUENTE DE LA CATALOGACIÓN
Centro catalogador/agencia de origen DLC
Centro/agencia transcriptor DLC
Centro/agencia modificador CaONFJC
-- UtOrBLW
050 00 - SIGNATURA TOPOGRÁFICA DE LA BIBLIOTECA DEL CONGRESO
Número de clasificación TD171.7
Número de documento/Ítem .D672 2009
100 ## - ENTRADA PRINCIPAL--NOMBRE DE PERSONA
Nombre de persona Dorfman, Josh
9 (RLIN) 25752
245 14 - MENCIÓN DE TÍTULO
Título The lazy environmentalist on a budget
Resto del título : save money, save time, save the planet
Mención de responsabilidad, etc. / Josh Dorfman.
260 ## - PUBLICACIÓN, DISTRIBUCIÓN, ETC.
Lugar de publicación, distribución, etc. New York :
Nombre del editor, distribuidor, etc. Stewart, Tabori & Chang,
Fecha de publicación, distribución, etc. 2009.
300 ## - DESCRIPCIÓN FÍSICA
Extensión 221 p. ;
Dimensiones 21 cm.
520 ## - SUMARIO, ETC.
Sumario, etc. The Lazy Environmentalist is a guidebook to the best of green living. The last few years have witnessed an explosion in environmental innovation cutting across nearly every industry. New designers, technologies, and companies are creating a whole new set of eco-friendly choices in the form of products and services. The Lazy Environmentalist presents these developments and explains how green living is easier, more attractive, and more convenient than ever before. The book informs readers about hundreds of specific products and services and where to get them. Chapters cover the spectrum of lifestyle with specific headings like fashion, furniture, travel, transportation, real estate, architecture and construction, and education to name but a few.
650 #0 - PUNTO DE ACCESO ADICIONAL DE MATERIA--TÉRMINO DE MATERIA
Término de materia o nombre geográfico como elemento de entrada Environmental protection Citizen participation
Subdivisión general Citizen participation.
650 #0 - PUNTO DE ACCESO ADICIONAL DE MATERIA--TÉRMINO DE MATERIA
Término de materia o nombre geográfico como elemento de entrada Environmentalism
9 (RLIN) 12143
650 #0 - PUNTO DE ACCESO ADICIONAL DE MATERIA--TÉRMINO DE MATERIA
Término de materia o nombre geográfico como elemento de entrada Organic living
9 (RLIN) 25753
650 #0 - PUNTO DE ACCESO ADICIONAL DE MATERIA--TÉRMINO DE MATERIA
Término de materia o nombre geográfico como elemento de entrada Sustainable living
9 (RLIN) 10807
942 ## - ELEMENTOS DE ENTRADA AGREGADA (KOHA)
Fuente del sistema de clasificación o colocación Clasificación de Library of Congress
Holdings
Estado de retiro Estado de pérdida Fuente del sistema de clasificación o colocación Estado dañado No para préstamo Biblioteca de origen Biblioteca actual Fecha de adquisición Total de préstamos Signatura topográfica completa Fecha visto por última vez Número de copia Precio válido a partir de Tipo de ítem Koha Nota pública
    Clasificación de Library of Congress     TBS Barcelona TBS Barcelona 25/08/2025   TD171.7 DOR 25/08/2025 1 25/08/2025 Book SOON AVAILABLE

Powered by Koha